000 01043cam a22002174a 4500
005 20260107132820.0
008 250528s ||||||||||||||||||||||||d
035 _a17652
020 _a9780195165791
040 _aGR-AtMCL
_bgre
_dGR-AtMCL
_eAACR2
245 1 _aHandbook of Psychotherapy Integration / Second Edition
250 _a2nd
260 _bOxford University Press,
_c2005
300 _a552
520 _aThis volume provides a comprehensive state-of-the-art description of psychotherapy integration by leading components. Summary Outline, Contributors, Conceptual and Historical Perspectives, Integrative Psychotherapy Models, Common Factors, Technical Eclecticism, Theoretical Integration, Assimilative Integration, Integrative Psychotherapies for Specific Disorders and Populations, Integrative Treatment Modalities, Training and Research and Future Directions, Name and Subject Index.
700 1 _aGoldfried Marvin R
_93839
700 1 _aNorcross, John C.
_93840
942 _cBK
999 _c3054
_d3054